|
|
|
|
| LEADER |
00000nab a2200000 a 4500 |
| 001 |
vtls010030862 |
| 003 |
SK-MaSNL |
| 005 |
20260304160945.0 |
| 008 |
250507c2009 xo ||||||o| ||00 b|slo |
| 015 |
|
|
|a SNBRB2009/12
|2 snkbucl
|
| 035 |
|
|
|a (uuid)dbe66199-d7a0-44e4-b7d2-1a4fa0b608ba
|
| 035 |
|
|
|a urn:nbn:sk:snk-abeug3
|
| 035 |
|
|
|a (urnnbn)urn:nbn:sk:snk:ar-008mn6
|
| 038 |
|
|
|a SNKBUCL
|
| 040 |
|
|
|a SNKBUCL
|b slo
|c SNKBUCL
|e AACR2
|
| 041 |
0 |
|
|a slo
|
| 044 |
|
|
|a xo
|c SK
|
| 080 |
|
|
|a 61-051
|x (048)
|2 2001
|
| 080 |
|
|
|a 37-051
|x (048)
|2 2001
|
| 100 |
1 |
|
|a Apfel, Viliam,
|d 1940-2024
|4 aut
|9 93648
|
| 245 |
1 |
0 |
|a V prekliatí času
|c Viliam Apfel
|
| 600 |
1 |
7 |
|a Koch, Karel František,
|d 1890-1981
|2 snkbucl
|9 163053
|
| 650 |
0 |
7 |
|a biografie
|2 snkbucl
|9 111226
|
| 655 |
|
7 |
|a recenzie
|2 snkbucl
|9 21907
|
| 773 |
0 |
|
|t Slovenské pohľady
|g Roč. IV.+125., č. 10 (2009), s. 127-128
|x 1335-7786
|
| 787 |
0 |
8 |
|i Rec.:
|a Kalný, Slavo, 1929-
|t Zabudnite na Kocha
|d Bratislava : Albert Marenčin - Vydavateľstvo PT, 2008
|z 9788089218943
|
| 850 |
|
|
|a Slovenská národná knižnica
|
| 852 |
|
|
|a Slovenská národná knižnica
|
| 958 |
|
|
|a article27
|
| 958 |
|
|
|a RC
|
| 958 |
|
|
|a OND
|
| 958 |
|
|
|a EUIPO
|
| 999 |
|
|
|c 2969366
|d 2971296
|